Guide to college and university business management, (Record no. 34584)

MARC details
000 -LEADER
fixed length control field 01995cam a22003611 4500
001 - CONTROL NUMBER
control field hew66000022
003 - CONTROL NUMBER IDENTIFIER
control field DLC
005 - DATE AND TIME OF LATEST TRANSACTION
control field 20260227111514.0
008 - FIXED-LENGTH DATA ELEMENTS--GENERAL INFORMATION
fixed length control field 720208s1965 dcua b f000 0 eng c
010 ## - LIBRARY OF CONGRESS CONTROL NUMBER
LC control number hew66000022
035 ## - SYSTEM CONTROL NUMBER
System control number (OCoLC)236688
040 ## - CATALOGING SOURCE
Original cataloging agency U.S. Dept. of Health, Education, and Welfare. Library
Transcribing agency ODaWU
Modifying agency OCoLC
-- ISS
-- DLC
042 ## - AUTHENTICATION CODE
Authentication code premarc
050 00 - LIBRARY OF CONGRESS CALL NUMBER
Classification number L111
Item number .A6 1965, no. 30
051 ## - LIBRARY OF CONGRESS COPY, ISSUE, OFFPRINT STATEMENT
Classification number LB2341
Item number .N33
082 ## - DEWEY DECIMAL CLASSIFICATION NUMBER
Classification number 658.91378
086 0# - GOVERNMENT DOCUMENT CLASSIFICATION NUMBER
Classification number FS 5.253:53011
100 1# - MAIN ENTRY--PERSONAL NAME
Personal name Nance, Paul Kint,
Dates associated with a name 1917-
245 10 - TITLE STATEMENT
Title Guide to college and university business management,
Statement of responsibility, etc. by Paul K. Nance and Leslie F. Robbins, and J. Harvey Cain.
260 ## - PUBLICATION, DISTRIBUTION, ETC.
Place of publication, distribution, etc. [Washington]
Name of publisher, distributor, etc. U.S. Dept. of Health, Education, and Welfare, Office of Education
Date of publication, distribution, etc. [1965]
300 ## - PHYSICAL DESCRIPTION
Extent vi, 169 p.
Other physical details illus.
Dimensions 24 cm.
490 1# - SERIES STATEMENT
Series statement United States. Office of Education. Bulletin
Volume/sequential designation 1965, no. 30
500 ## - GENERAL NOTE
General note "OE-53011."
501 ## - WITH NOTE
With note Copy 1 of L111.A6 with: Curriculum patterns in English / Donald R. Tuttle. Washington : U.S. Govt. Print. Off., 1965. Bound together subsequent to publication.
Institution to which field applies DLC
501 ## - WITH NOTE
With note Copy 2 of L111.A6 with: College applicants, entrants, dropouts / Robert E. Iffert. Washington : U.S. Dept. of Health, Education, and Welfare, Office of Education, 1965. Bound together subsequent to publication.
Institution to which field applies DLC
501 ## - WITH NOTE
With note Copy 3 of L111.A6 with: Low achiever in mathematics / Lauren G. Woodby -- School transfer record system for farm migrant children / George E. Haney -- Inservice education for school counselors / Don D. Twiford. Washington : U.S. Govt. Print. Off., 1965. Bound together subsequent to publication.
Institution to which field applies DLC
504 ## - BIBLIOGRAPHY, ETC. NOTE
Bibliography, etc. note Includes bibliographies.
650 #0 - SUBJECT ADDED ENTRY--TOPICAL TERM
Topical term or geographic name entry element Universities and colleges
General subdivision Business management.
700 1# - ADDED ENTRY--PERSONAL NAME
Personal name Robbins, Leslie Frank,
Dates associated with a name 1898-
Relator term joint author.
700 1# - ADDED ENTRY--PERSONAL NAME
Personal name Cain, Joseph Harvey,
Dates associated with a name 1887-
Relator term joint author.
740 0# - ADDED ENTRY--UNCONTROLLED RELATED/ANALYTICAL TITLE
Uncontrolled related/analytical title College and university business management.
830 #0 - SERIES ADDED ENTRY--UNIFORM TITLE
Uniform title Bulletin (United States. Office of Education) ;
Volume/sequential designation 1965, no. 30.

No items available.

Powered by Koha